| 000 | 00616nam a2200205 a 4500 | ||
|---|---|---|---|
| 005 | 20140310183545.0 | ||
| 008 | 111109s19uu xx 00 eng d | ||
| 020 | _a9780071508643 | ||
| 050 |
_aQA 157 _b.Sa215 2009 |
||
| 100 | _aSafier, Fred | ||
| 245 |
_aSchaum's outline of precalculus / _cFred Safier. |
||
| 250 | _a2nd ed. | ||
| 260 |
_aNew York : _bMcGraw-Hill, _c2009. |
||
| 300 |
_a402 p. : _bill. ; _c28 cm. |
||
| 650 |
_aAlgebra _xProblems, exercises, etc. |
||
| 650 |
_aAlgebra _xOutline, syllabi, etc. |
||
| 650 |
_aTrigonometry _xProblems, exercises, etc. |
||
| 942 |
_cBK _2lcc _kFOR |
||
| 999 |
_c24858 _d24858 |
||